[Event "ESP-ch 83rd"]
[Site "Linares"]
[Date "2018.08.25"]
[Round "6"]
[White "Sanchez Vigon, David"]
[Black "Bernabeu Lopez, Carlos Javier"]
[Result "0-1"]
[WhiteElo "2220"]
[BlackElo "2360"]
[PlyCount "114"]
[EventDate "2018.08.20"]
[EventType "swiss"]
[EventRounds "9"]
[EventCountry "ESP"]
[SourceTitle "CBM 186 Extra"]
[Source "ChessBase"]
[SourceDate "2018.08.24"]
[SourceVersion "1"]
[SourceVersionDate "2018.08.24"]
[SourceQuality "1"]

1. d4 Nf6 2. Nf3 g6 3. Bg5 Bg7 4. Nbd2 d5 5. e3 0-0 6. c3 c6 7. Be2 Nbd7 8. 0-0 h6 9. Bh4 g5 10. Bg3 Nh5 11. c4 Nxg3 12. hxg3 e6 13. cxd5 exd5 14. Bd3 Qe7 15. Qc2 c5 16. dxc5 Nxc5 17. Bh7+ Kh8 18. Nd4 b6 19. Bf5 Ne6 20. N2f3 Nxd4 21. Nxd4 Bxd4 22. exd4 Qf6 23. Bxc8 Rfxc8 24. Qd3 Rc4 25. Rad1 Rac8 26. Rd2 Kg7 27. Rfd1 Qg6 28. Qxg6+ Kxg6 29. Kf1 Kf5 30. f3 h5 31. Ke2 Rc1 32. Rxc1 Rxc1 33. Ke3 f6 34. Re2 b5 35. a3 a5 36. Rd2 a4 37. Re2 b4 38. axb4 Rc4 39. Rd2 Rxb4 40. Kf2 Rb3 41. Kg1 h4 42. Kh2 hxg3+ 43. Kxg3 g4 44. Rc2 gxf3 45. gxf3 Rd3 46. Rc5 Rxd4 47. Rb5 Ke5 48. b3 axb3 49. Rxb3 Ra4 50. Re3+ Kf5 51. Re8 Ra6 52. Rd8 Ke5 53. f4+ Ke4 54. Kg4 d4 55. Re8+ Kd5 56. Kf5 d3 57. Re1 Kd4 0-1

[Event "ESP-ch 83rd"]
[Site "Linares"]
[Date "2018.08.23"]
[Round "4"]
[White "Sanchez Vigon, David"]
[Black "Domingo Nunez, Alejandro"]
[Result "0-1"]
[WhiteElo "2220"]
[BlackElo "2373"]
[PlyCount "98"]
[EventDate "2018.08.20"]
[EventType "swiss"]
[EventRounds "9"]
[EventCountry "ESP"]
[SourceTitle "CBM 186 Extra"]
[Source "ChessBase"]
[SourceDate "2018.08.24"]
[SourceVersion "1"]
[SourceVersionDate "2018.08.24"]
[SourceQuality "1"]

1. e4 c5 2. Nf3 e6 3. d4 cxd4 4. Nxd4 Nc6 5. Nc3 Qc7 6. g3 a6 7. Bg2 h5 8. 0-0 h4 9. Re1 d6 10. Nxc6 bxc6 11. e5 d5 12. Na4 hxg3 13. hxg3 Ne7 14. c4 Nf5 15. Bd2 Be7 16. Rc1 Qd8 17. Bc3 a5 18. b3 Kf8 19. c5 Ra7 20. Qg4 Kg8 21. Rcd1 Qf8 22. Bd4 g6 23. Be3 Nxe3 24. Rxe3 Rb7 25. Rc1 Rb4 26. Qe2 Bg5 27. f4 Be7 28. Rec3 Rb5 29. Kf2 Ba6 30. Qf3 Rb4 31. a3 Rb7 32. Qe3 Rh2 33. Rh1 Rxh1 34. Bxh1 Qd8 35. Qd4 Qb8 36. Nb6 Qc7 37. b4 axb4 38. axb4 Ra7 39. Rc1 Bb5 40. Ra1 Qb7 41. Nc8 Bxc5 42. bxc5 Rxa1 43. Qxa1 Qxc8 44. Qa5 Kg7 45. Bg2 Qb8 46. Bf1 Bxf1 47. Kxf1 Qb1+ 48. Kg2 Qe4+ 49. Kh3 Qh1+ 0-1

[Event "ESP-ch 83rd"]
[Site "Linares"]
[Date "2018.08.22"]
[Round "3"]
[White "Sanchez Vigon, David"]
[Black "Rodriguez Redondo, Adhara"]
[Result "1-0"]
[WhiteElo "2220"]
[BlackElo "1909"]
[PlyCount "79"]
[EventDate "2018.08.20"]
[EventType "swiss"]
[EventRounds "9"]
[EventCountry "ESP"]
[SourceTitle "CBM 186 Extra"]
[Source "ChessBase"]
[SourceDate "2018.08.24"]
[SourceVersion "1"]
[SourceVersionDate "2018.08.24"]
[SourceQuality "1"]

1. Nf3 d5 2. c4 e6 3. g3 Nf6 4. b3 c5 5. Bg2 Nc6 6. e3 Be7 7. 0-0 0-0 8. Qe2 Qc7 9. Nc3 a6 10. d4 Rd8 11. dxc5 Bxc5 12. Bb2 dxc4 13. Qxc4 Bd6 14. Rac1 Qe7 15. Na4 Rb8 16. Nb6 e5 17. Ng5 h6 18. Nxc8 Rbxc8 19. Ne4 Nxe4 20. Qxe4 Ba3 21. Bxa3 Qxa3 22. Rc2 Qb4 23. Rfc1 Qd6 24. h4 Rc7 25. Qa4 Rdc8 26. Be4 g6 27. h5 gxh5 28. Bf5 Re8 29. Qh4 Nd4 30. exd4 Rxc2 31. Bxc2 exd4 32. Bd3 Qe5 33. Qf4 Qg7 34. Qf5 h4 35. Rc8 Rf8 36. Rxf8+ Kxf8 37. Qc8+ Ke7 38. Qxb7+ Kf8 39. Qc8+ Ke7 40. Qc7+ 1-0

[Event "Villa de Gijon op 4th"]
[Site "Gijon"]
[Date "2018.07.25"]
[Round "4"]
[White "Sanchez Vigon, David"]
[Black "Manolache, Marius"]
[Result "0-1"]
[WhiteElo "2220"]
[BlackElo "2494"]
[PlyCount "88"]
[EventDate "2018.07.23"]
[EventType "swiss"]
[EventRounds "9"]
[EventCountry "ESP"]
[SourceTitle "CBM 185 Extra"]
[Source "ChessBase"]
[SourceDate "2018.07.29"]
[SourceVersion "1"]
[SourceVersionDate "2018.07.29"]
[SourceQuality "1"]

1. e4 d6 2. Nc3 g6 3. f4 Bg7 4. Nf3 Nc6 5. Bb5 e6 6. Bxc6+ bxc6 7. 0-0 c5 8. d3 Ne7 9. Be3 0-0 10. Qd2 Rb8 11. Rab1 Nc6 12. Ne2 f5 13. e5 Bb7 14. d4 cxd4 15. Nexd4 Nxd4 16. Qxd4 Qd7 17. Qd2 Be4 18. b3 Qc6 19. Bd4 Rfd8 20. Qe3 Bh6 21. Rbd1 Qxc2 22. Rd2 Qc6 23. Bxa7 Ra8 24. Bd4 Ra5 25. Ba1 d5 26. Ng5 Bxg5 27. fxg5 Qa8 28. a4 c5 29. b4 Rxa4 30. Bb2 cxb4 31. Qb6 Qa7 32. Qxa7 Rxa7 33. Rc1 b3 34. Rc6 Kf7 35. Bd4 Rb7 36. Rb2 Ra8 37. Bb6 d4 38. Rd6 d3 39. Rxb3 Ra2 40. Rc3 Rc2 41. Ra3 d2 42. Kf1 Rxb6 43. Ra7+ Ke8 44. Rxh7 Rxd6 0-1

[Event "Villa de Gijon op 3rd"]
[Site "Gijon"]
[Date "2017.07.25"]
[Round "2"]
[White "Sanchez Vigon, David"]
[Black "Gonzalez Perez, Arian"]
[Result "0-1"]
[WhiteElo "2125"]
[BlackElo "2461"]
[PlyCount "106"]
[EventDate "2017.07.24"]
[EventType "swiss"]
[EventRounds "9"]
[EventCountry "ESP"]
[SourceTitle "CBM 179 Extra"]
[Source "ChessBase"]
[SourceDate "2017.08.23"]
[SourceVersion "1"]
[SourceVersionDate "2017.08.23"]
[SourceQuality "1"]

1. d4 d5 2. Bf4 Nf6 3. e3 c5 4. c3 Nc6 5. Nd2 cxd4 6. exd4 a6 7. Bd3 Bg4 8. Ngf3 e6 9. 0-0 Be7 10. Qb1 Bh5 11. Ne5 Nxe5 12. Bxe5 Bg6 13. Bxg6 hxg6 14. Qd3 Rc8 15. Bxf6 gxf6 16. Rae1 Qb6 17. Qb1 g5 18. g3 Rh6 19. Kg2 Kd7 20. h3 Rch8 21. Rh1 Kc8 22. Qd3 Qc6 23. Nf3 Kb8 24. b3 Rc8 25. Rc1 Ba3 26. Rc2 Rch8 27. Qe3 g4 28. Nh4 gxh3+ 29. Rxh3 f5 30. Rh2 Bd6 31. f4 b5 32. Kf1 Qc7 33. Nf3 Rxh2 34. Rxh2 Rc8 35. Rc2 Bb4 36. Ne5 Bxc3 37. Nd3 Qa5 38. Nc5 b4 39. a4 Ka7 40. Qd3 Qb6 41. Qe3 Qd6 42. Kg2 Rc6 43. Kf3 f6 44. Nd3 Rc7 45. Kg2 Qb6 46. Nc5 Re7 47. a5 Qxa5 48. Na4 Kb7 49. Nxc3 bxc3 50. Rxc3 Qa2+ 51. Kf3 Qb1 52. Kf2 Rh7 53. Qc1 Qe4 0-1

[Event "Barcelona Sants op-A18th"]
[Site "Barcelona"]
[Date "2016.08.28"]
[Round "10"]
[White "Arenas Vanegas, David"]
[Black "Sanchez Vigon, David"]
[Result "1-0"]
[WhiteElo "2490"]
[BlackElo "2176"]
[PlyCount "78"]
[EventDate "2016.08.19"]
[EventType "swiss"]
[EventRounds "10"]
[EventCountry "ESP"]
[SourceTitle "EXT 2017"]
[Source "ChessBase"]
[SourceDate "2016.10.25"]
[SourceVersion "1"]
[SourceVersionDate "2016.10.25"]
[SourceQuality "1"]

1. e4 c5 2. Nf3 Nc6 3. c3 d5 4. exd5 Qxd5 5. d4 Bg4 6. Be2 cxd4 7. cxd4 e6 8. 0-0 Nf6 9. Nc3 Qa5 10. Be3 Be7 11. h3 Bh5 12. a3 0-0 13. b4 Qd8 14. Qb3 Rc8 15. Rfd1 Nd5 16. Rac1 Qd6 17. Nxd5 exd5 18. Rc5 Rfd8 19. Rdc1 Qd7 20. R5c3 a6 21. Qc2 Bg6 22. Qd2 f6 23. Nh4 Bf7 24. Bd3 g6 25. Nf3 Be6 26. Bf4 Ra8 27. Re1 Re8 28. Bc2 Rac8 29. Ba4 b5 30. Bb3 Na7 31. Rce3 Bf7 32. Qa2 Nc6 33. Bg3 a5 34. bxa5 Nxa5 35. Nd2 Nc4 36. Nxc4 dxc4 37. Bc2 Bf8 38. Qb2 Red8 39. d5 Qf5 1-0

[Event "Villa de Gijon op 2nd"]
[Site "Gijon"]
[Date "2016.07.11"]
[Round "6"]
[White "Sanchez Vigon, David"]
[Black "Acebal Muniz, Antonio"]
[Result "1/2-1/2"]
[WhiteElo "2184"]
[BlackElo "2138"]
[PlyCount "20"]
[EventDate "2016.07.07"]
[EventType "swiss"]
[EventRounds "9"]
[EventCountry "ESP"]
[SourceTitle "EXT 2017"]
[Source "ChessBase"]
[SourceDate "2016.10.25"]
[SourceVersion "1"]
[SourceVersionDate "2016.10.25"]
[SourceQuality "1"]

1. c4 e6 2. Nf3 d5 3. g3 Nf6 4. Bg2 c5 5. b3 Nc6 6. 0-0 d4 7. e3 e5 8. exd4 exd4 9. d3 Be7 10. Bg5 Nb8 1/2-1/2

[Event "Villa de Gijon op 2nd"]
[Site "Gijon"]
[Date "2016.07.10"]
[Round "5"]
[White "Rios, Cristhian Camilo"]
[Black "Sanchez Vigon, David"]
[Result "1-0"]
[WhiteElo "2484"]
[BlackElo "2184"]
[PlyCount "67"]
[EventDate "2016.07.07"]
[EventType "swiss"]
[EventRounds "9"]
[EventCountry "ESP"]
[SourceTitle "EXT 2017"]
[Source "ChessBase"]
[SourceDate "2016.10.25"]
[SourceVersion "1"]
[SourceVersionDate "2016.10.25"]
[SourceQuality "1"]

1. d4 d5 2. c4 c6 3. Nc3 Nf6 4. Nf3 dxc4 5. a4 Bf5 6. e3 e6 7. a5 Be7 8. Bxc4 0-0 9. 0-0 Nbd7 10. a6 b5 11. Be2 h6 12. Nd2 e5 13. Nb3 e4 14. d5 b4 15. dxc6 bxc3 16. cxd7 cxb2 17. Bxb2 Bxd7 18. Bd4 Nd5 19. Bxg7 Kxg7 20. Qxd5 Be6 21. Qxd8 Rfxd8 22. Nd4 Rd6 23. Rfd1 Bc8 24. h3 Rb8 25. Bg4 Rxa6 26. Bxc8 Rxa1 27. Rxa1 Rxc8 28. Rxa7 Bf6 29. Nf5+ Kg6 30. g4 Re8 31. Ng3 Bh4 32. Ra6+ Re6 33. Rxe6+ fxe6 34. Nxe4 1-0

[Event "Pontevedra op 3rd"]
[Site "Pontevedra"]
[Date "2015.08.15"]
[Round "9"]
[White "Portela Peleteiro, Alberto"]
[Black "Sanchez Vigon, David"]
[Result "1-0"]
[WhiteElo "2273"]
[BlackElo "2103"]
[PlyCount "63"]
[EventDate "2015.08.09"]
[EventType "swiss"]
[EventRounds "9"]
[EventCountry "ESP"]
[SourceTitle "EXT 2016"]
[Source "ChessBase"]
[SourceDate "2015.10.08"]
[SourceVersion "1"]
[SourceVersionDate "2015.10.08"]
[SourceQuality "1"]

1. e4 c5 2. Ne2 d6 3. Nbc3 Nf6 4. d4 cxd4 5. Nxd4 a6 6. Be2 e5 7. Nb3 Be7 8. Be3 Be6 9. Nd5 Bxd5 10. exd5 Nbd7 11. 0-0 0-0 12. f3 Ne8 13. Qd2 Rc8 14. Na5 Qc7 15. c4 Bd8 16. b4 Qb8 17. Nb3 Bb6 18. Bxb6 Nxb6 19. Rac1 Nf6 20. Qe3 Nbd7 21. Rfd1 Rc7 22. Kh1 Rfc8 23. a4 b6 24. c5 dxc5 25. Bxa6 Rd8 26. bxc5 Nxc5 27. Nxc5 Rxc5 28. Rxc5 bxc5 29. Qxc5 Rxd5 30. Rxd5 Nxd5 31. h3 Nf4 32. Qc8+ 1-0

[Event "ESP-ch U18"]
[Site "Salobrena"]
[Date "2015.07.30"]
[Round "6"]
[White "Sanchez Vigon, David"]
[Black "Santos Ruiz, Miguel"]
[Result "0-1"]
[WhiteElo "2201"]
[BlackElo "2329"]
[PlyCount "112"]
[EventDate "2015.07.27"]
[EventType "swiss"]
[EventRounds "9"]
[EventCountry "ESP"]
[SourceTitle "EXT 2016"]
[Source "ChessBase"]
[SourceDate "2015.10.08"]
[SourceVersion "1"]
[SourceVersionDate "2015.10.08"]
[SourceQuality "1"]

1. d4 e6 2. Nf3 Nf6 3. Bg5 c5 4. e3 h6 5. Bh4 cxd4 6. exd4 Be7 7. c4 b6 8. Nc3 Bb7 9. Bd3 d6 10. 0-0 Nbd7 11. Qe2 0-0 12. Rfe1 Re8 13. Rad1 Qc7 14. b3 Rac8 15. Bb1 a6 16. a4 Qb8 17. Qd3 Qa8 18. d5 e5 19. Ne4 Nxe4 20. Qxe4 Nf8 21. Bxe7 Rxe7 22. Qh4 Rec7 23. Nd2 b5 24. axb5 axb5 25. Ne4 Qa6 26. cxb5 Qb6 27. Bd3 Ng6 28. Qg3 Bxd5 29. Bc4 Bxe4 30. Rxe4 Nf4 31. Qe3 Rb8 32. Qxb6 Rxb6 33. Ree1 Ne6 34. g3 Nd4 35. Kg2 Kf8 36. Ra1 Rb8 37. b6 Rxb6 38. Ra8+ Ke7 39. f4 Nxb3 40. Bxb3 Rxb3 41. fxe5 Rb2+ 42. Kh3 dxe5 43. Rxe5+ Kf6 44. Re1 Rcc2 45. Ra6+ Kg5 46. Ra5+ Kg6 47. Rh1 h5 48. Ra6+ Kh7 49. Ra5 Kh6 50. Ra6+ f6 51. Rd6 Rf2 52. Rd3 g5 53. g4 hxg4+ 54. Kxg4 Rxh2 55. Rxh2+ Rxh2 56. Rd8 Rf2 0-1

[Event "Benidorm U16 op 9th"]
[Site "Benidorm"]
[Date "2013.12.08"]
[Round "6"]
[White "Donadio Falcon, Pablo"]
[Black "Sanchez Vigon, David"]
[Result "1-0"]
[WhiteElo "1577"]
[BlackElo "1921"]
[PlyCount "123"]
[EventDate "2013.12.05"]
[EventType "swiss"]
[EventRounds "6"]
[EventCountry "ESP"]
[SourceTitle "EXT 2015"]
[Source "ChessBase"]
[SourceDate "2014.11.20"]
[SourceVersion "1"]
[SourceVersionDate "2014.11.20"]
[SourceQuality "1"]

1. e4 c5 2. Nf3 Nc6 3. d4 cxd4 4. Nxd4 g6 5. c4 Bg7 6. Be3 Nf6 7. Nc3 Ng4 8. Qxg4 Nxd4 9. Qd1 Ne6 10. Qd2 Qa5 11. Be2 b6 12. 0-0 Bb7 13. f3 g5 14. Rad1 d6 15. a3 h5 16. Nd5 Qxd2 17. Rxd2 Rc8 18. Kf2 h4 19. Rc1 Be5 20. Kg1 f6 21. Bd1 Nf4 22. Ba4+ Kf7 23. Nxf4 Bxf4 24. Bxf4 gxf4 25. b4 Rh5 26. Rd4 Rg5 27. Rc2 Ke6 28. Rd5 Re5 29. Kf2 Rg5 30. h3 Rcg8 31. Rxg5 Rxg5 32. Rd2 Re5 33. Bb3 Kd7 34. Rd4 Kc7 35. Bc2 Bc8 36. Rd5 Be6 37. Rxe5 fxe5 38. Bd3 Kc6 39. Ke2 Bf7 40. Kd2 a6 41. a4 Kc7 42. b5 a5 43. Kc3 Be6 44. Kb3 Bc8 45. Kc3 Bb7 46. Bc2 e6 47. Bb3 d5 48. Bc2 Kd6 49. Bd3 Kc5 50. Bc2 Bc8 51. Bb1 Bb7 52. Bc2 d4+ 53. Kb3 d3 54. Bxd3 Kd4 55. Kc2 Ke3 56. c5 Kf2 57. Bc4 Kxg2 58. Bxe6 bxc5 59. Bg4 Ba8 60. Kc3 Bxe4 61. fxe4 f3 62. Bxf3+ 1-0

[Event "Benidorm U16 op 9th"]
[Site "Benidorm"]
[Date "2013.12.06"]
[Round "3"]
[White "Sanchez Vigon, David"]
[Black "Buch Prades, Joan"]
[Result "1-0"]
[WhiteElo "1921"]
[BlackElo "2125"]
[PlyCount "83"]
[EventDate "2013.12.05"]
[EventType "swiss"]
[EventRounds "6"]
[EventCountry "ESP"]
[SourceTitle "EXT 2015"]
[Source "ChessBase"]
[SourceDate "2014.11.20"]
[SourceVersion "1"]
[SourceVersionDate "2014.11.20"]
[SourceQuality "1"]

1. e4 c5 2. Nf3 Nc6 3. Bb5 g6 4. Bxc6 dxc6 5. d3 Bg7 6. h3 Nf6 7. Be3 b6 8. Qd2 h6 9. Nc3 Nd7 10. a4 a5 11. 0-0 e5 12. Nh2 g5 13. Ne2 Qc7 14. c3 Ba6 15. Rfd1 0-0-0 16. Qc2 Bf8 17. Ng3 Nf6 18. d4 exd4 19. cxd4 c4 20. b3 cxb3 21. Qxb3 Bb4 22. Rac1 Bb7 23. Ng4 Nxg4 24. hxg4 Rhe8 25. Qc4 Kb8 26. Bd2 c5 27. Bxb4 axb4 28. d5 Qd7 29. a5 Qd6 30. axb6 Qxb6 31. Qxc5 Qxc5 32. Rxc5 Rc8 33. Rb5 Rc4 34. Rb1 Kc7 35. R5xb4 Rxb4 36. Rxb4 Bc8 37. f3 Kd6 38. Rb6+ Ke5 39. Rxh6 Kf4 40. Nh5+ Ke3 41. Rb6 Bxg4 42. Nf6 1-0